| 000 | 00507nam a2200205Ia 4500 | ||
|---|---|---|---|
| 005 | 20240823024903.0 | ||
| 008 | 240823s9999||||xx |||||||||||||| ||und|| | ||
| 020 | _a81-314-0845-0 | ||
| 041 | _aENGLISH | ||
| 082 | _A583.17 P7 | ||
| 100 | _aSujatha B | ||
| 245 | 0 | _aBt Cotton in India An Introduction | |
| 250 | _a1st | ||
| 260 |
_c2007 _bICFA I Unive _aHyderabad |
||
| 500 | _aYES | ||
| 650 |
_aIndia _bManagement Studies |
||
| 700 | _a Niranjana Sreenivasan Ed. | ||
| 942 | _cBK | ||
| 999 |
_c184985 _d184985 |
||